Ako robiť kvalitnú a vysokoúčinnú reklamu. Reklamné rozhodnutia. 2.
Obsahové aspekty otestovania reklamného prostriedku. Výroba a rozširovanie reklamného prostriedku. Kontrolná fáza: Kontrola priebehu a hospodárnosti (efektu) reklamy. Kontrola účinnosti reklamy.
Salvato in:
| Autore principale: | |
|---|---|
| Natura: | Capitolo di libro |
| Lingua: | slovacco |
| Soggetti: | |
| Tags: |
Nessun Tag, puoi essere il primo ad aggiungerne!!
|
MARC
| LEADER | 00000naa a2200000 4500 | ||
|---|---|---|---|
| 001 | r008190 | ||
| 005 | 20220831085105.3 | ||
| 041 | 0 | |a slo | |
| 044 | |a [CS] | ||
| 245 | 1 | 0 | |a Ako robiť kvalitnú a vysokoúčinnú reklamu. |b Reklamné rozhodnutia. 2. |c G. Lochner |
| 520 | |a Obsahové aspekty otestovania reklamného prostriedku. Výroba a rozširovanie reklamného prostriedku. Kontrolná fáza: Kontrola priebehu a hospodárnosti (efektu) reklamy. Kontrola účinnosti reklamy. | ||
| 610 | 2 | 0 | |a reklama |
| 610 | 2 | 0 | |a katalógy reklamné |
| 610 | 2 | 0 | |a propagácia |
| 610 | 2 | 0 | |a kontrola |
| 100 | 1 | |a Lochner, G. | |